[Event "DOM-ch"]
[Site "Santo Domingo"]
[Date "2010.04.23"]
[Round "9"]
[White "Ferrera, Jose"]
[Black "Steel Stephen, Daniel Alberto"]
[Result "1-0"]
[WhiteElo "2213"]
[BlackElo "1981"]
[PlyCount "81"]
[EventDate "2010.04.09"]
[EventType "swiss"]
[EventRounds "11"]
[EventCountry "DOM"]
[SourceTitle "EXT 2012"]
[Source "ChessBase"]
[SourceDate "2011.11.24"]
[SourceVersion "1"]
[SourceVersionDate "2011.11.24"]
[SourceQuality "1"]

1. e4 c6 2. d4 d5 3. Nc3 dxe4 4. Nxe4 Nf6 5. Nxf6+ exf6 6. Qd3 Bd6 7. Be3 Be6 8. Ne2 Na6 9. a3 Qc7 10. c4 Rd8 11. g3 Qa5+ 12. Nc3 Bf5 13. Qd2 0-0 14. Bg2 Rfe8 15. 0-0 Qc7 16. b4 Qd7 17. Rfe1 Nc7 18. Rad1 Qc8 19. Qb2 Qb8 20. b5 cxb5 21. Nxb5 Nxb5 22. Qxb5 Bg4 23. Rb1 b6 24. a4 Qc7 25. c5 bxc5 26. dxc5 Be5 27. c6 Rb8 28. Qc5 a5 29. Bd2 Ra8 30. Rb7 Qd8 31. Bc3 Bc8 32. h3 Bxb7 33. cxb7 Rb8 34. Bxa5 Qd3 35. Bb6 Qa6 36. a5 Rf8 37. f4 Bb2 38. Qb4 Rbe8 39. Rxe8 Rxe8 40. Qxb2 Qd3 41. Ba7 1-0